KOHA-Header-6

History of Pakistan and Role of the Army (Record no. 13784)

000 -LEADER
fixed length control field 00325nam a22001337a 4500
020 ## - INTERNATIONAL STANDARD BOOK NUMBER
ISBN 9789694074940
082 ## - DEWEY DECIMAL CLASSIFICATION NUMBER
Classification number 954.91
100 ## - MAIN ENTRY--AUTHOR NAME
Personal name Syed Sami Ahmed
245 ## - TITLE STATEMENT
Title History of Pakistan and Role of the Army
250 ## - EDITION STATEMENT
Edition statement 3rd edition
260 ## - PUBLICATION, DISTRIBUTION, ETC. (IMPRINT)
Place of publication Karachi
Name of publisher Royal Book Company
Year of publication 2023
300 ## - PHYSICAL DESCRIPTION
Number of Pages XXX, 439 pages
942 ## - ADDED ENTRY ELEMENTS (KOHA)
Koha item type Books
Holdings
Withdrawn status Lost status Collection code Permanent Location Current Location Shelving location Date acquired Full call number Accession Number Koha item type
    Pakistan Studies / History MAJU MAJU Shelf No.A30 2023-08-28 954.91 10879 Pakistan Studies

Powered by Koha